| 000 | 00395nam a22001697a 4500 | ||
|---|---|---|---|
| 005 | 20260106163553.0 | ||
| 008 | 160629b xxu||||| |||| 00| 0 eng d | ||
| 020 | _a978-5014-314-8 | ||
| 041 | _aeng | ||
| 082 | _b621.381 5 | ||
| 100 | _aGupta, J.B | ||
| 245 | _aElectronic Devices & Circuits | ||
| 260 |
_bKatson _c2012 |
||
| 300 | _a1000 | ||
| 650 |
_aDiploma Engineering _9817 |
||
| 942 | _cBK | ||
| 999 |
_c4762 _d4760 |
||